Normal view
MARC view
- Beauquier, Antoine
Entry Nom personal
001 - NÚMERO DE CONTROL
- campo de control: 168722
003 - IDENTIFICADOR DEL NÚMERO DE CONTROL
- campo de control: ES-BaIT
005 - FECHA Y HORA DE LA ÚLTIMA TRANSACCIÓN
- campo de control: 20260226120309.0
008 - DATOS DE LONGITUD FIJA
- campo de control de longitud fija: 260226|| aca||aabn | a|a d
040 ## - FUENTE DE LA CATALOGACIÓN
- Centro catalogador/agencia de origen: ES-BaIT
100 1# - ENCABEZAMIENTO-NOMBRE DE PERSONA
- Nombre de persona: Beauquier, Antoine


